000 00341nam a2200133Ia 4500
008 151001s9999||||xx |||||||||||||| ||und||
100 _a -
245 _aReaders Digest Jan t Mar.1965
250 _a1
260 _bRediance
260 _c1961
300 _a174
365 _b7
999 _c953709
_d953706